Statystyki dla Hiszpański - test

Kliknij tutaj aby rozwiązać quiz!

Ogólne statystyki

  • Ten quiz został rozwiązany 254 razy
  • Średni wynik to 10 z 12

Statystyki odpowiedzi

ZagadnienieOdpowiedź% Poprawnych
Która litera w języku hiszpańskim jest niema?H
94%
Które z tych miast jest stolicą Hiszpanii?Madryt
93%
Jak po hiszpańsku powiedzieć 25?Veinticinco
92%
Jak w języku hiszpańskim zapytać: jak się nazywasz?¿Cómo te llamas?
89%
Która religia dominuje w Hiszpanii?Katolicyzm
86%
Która waluta obowiązuje w Hiszpanii?Euro
82%
Na jakim półwyspie leży Hiszpania?Iberyjskim
82%
Które z tych państw nie graniczy z Hiszpanią?Monako
79%
Jak nazywa się obecny król Hiszpanii?Filip VI Burbon
78%
W którym z tych krajów urzędowym językiem jest hiszpański?Ekwador
73%
Które z tych pasm górskich znajduje się na terenie Hiszpanii?Pireneje
64%
Z ilu wspólnot autonomicznych składa się państwo hiszpańskie?17
52%

Rozkład punktacji

Percentyl według liczby udzielonych odpowiedzi

Procent ludzi z każdym wynikiem

Twoja historia wyników

Nie rozwiązałeś tego quizu